000 00275nam a2200109Ia 4500
008 200302s9999 xx 000 0 und d
100 _aHarry M. Johnson
245 _aSociology A Systematic Introduction
260 _bAllied Publishers Ltd.
260 _c1999
300 _a688 P.,
999 _c5497
_d5497